Fly between Capital Cities in Alphabetical Order: Baghdad to Bujumbura - Statistics

General Stats
  • This quiz has been taken 51 times
  • The average score is 56 of 156
Answer Stats
ANSWER % Correct
Iran
89%
Reach {Baku} in {Azerbaijan}
86%
Armenia
71%
Turkey
64%
Reach {Bamako} in {Mali}
61%
Azerbaijan (Nakhchivan exclave)
57%
Iran
57%
Libya
57%
Algeria
54%
Chad
50%
Niger
50%
Oman
50%
Reach {Bangkok} in {Thailand}
50%
Saudi Arabia
50%
Sudan
50%
Thailand
50%
Yemen
50%
Burkina Faso
46%
Cambodia
46%
India
46%
Vietnam
46%
Austria
43%
Brazil
43%
Burma
43%
Croatia
43%
Ethiopia
43%
Germany
43%
India
43%
Reach {Bandar Seri Begawan} in {Brunei}
43%
Reach {Beirut} in {Lebanon}
43%
Reach {Belgrade} in {Serbia}
43%
Reach {Buenos Aires} in {Argentina}
43%
Slovenia
43%
Somalia
43%
South Sudan
43%
Uruguay
43%
Austria
39%
Austria
39%
Azerbaijan
39%
Benin
39%
Bulgaria
39%
Burkina Faso
39%
Cameroon
39%
Cyprus
39%
Czech Republic
39%
DR Congo
39%
France
39%
Germany
39%
Ghana
39%
Greece
39%
Guinea
39%
Hungary
39%
Iran
39%
Iraq
39%
Mali
39%
Nigeria
39%
Reach {Bangui} in {Central African Republic}
39%
Reach {Banjul} in {Gambia}
39%
Reach {Beijing} in {China}
39%
Reach {Belmopan} in {Belize}
39%
Reach {Berlin} in {Germany}
39%
Reach {Bern} in {Switzerland}
39%
Reach {Brussels} in {Belgium}
39%
Reach {Bucharest} in {Romania}
39%
Reach {Budapest} in {Hungary}
39%
Senegal
39%
Syria
39%
Togo
39%
Turkey
39%
Turkey
39%
Turkmenistan
39%
Uruguay
39%
Algeria
36%
Angola
36%
Austria
36%
Cape Verde
36%
Cuba
36%
DR Congo
36%
Germany
36%
Mauritania
36%
Mexico
36%
Mongolia
36%
Russia
36%
Ukraine
36%
United Kingdom
36%
United States
36%
China
32%
Croatia
32%
Croatia
32%
Croatia
32%
Czech Republic
32%
France
32%
France (Corsica)
32%
Italy
32%
Italy
32%
Kazakhstan
32%
Kazakhstan
32%
Mexico
32%
Mongolia
32%
Morocco
32%
Poland
32%
Reach {Bishkek} in {Kyrgyzstan}
32%
Reach {Brasilia} in {Brazil}
32%
Reach {Bratislava} in {Slovakia}
32%
Russia
32%
Slovakia
32%
Uzbekistan
32%
Austria
29%
Bosnia and Herzegovina
29%
Canada
29%
Chad
29%
Libya
29%
Niger
29%
Reach {Basseterre} in {Saint Kitts and Nevis}
29%
Reach {Bogota} in {Colombia}
29%
Reach {Brazzaville} in {Republic of the Congo}
29%
Reach {Bridgetown} in {Barbados}
29%
Slovenia
29%
United States
29%
Austria
25%
Austria
25%
Canada
25%
Central African Republic
25%
Croatia
25%
Denmark (Greenland)
25%
France
25%
Greece
25%
Ireland
25%
Italy
25%
Kazakhstan
25%
Kazakhstan
25%
Reach {Bissau} in {Guinea-Bissau}
25%
Russia
25%
Senegal
25%
Spain
25%
Turkey
25%
United Kingdom (Northern Ireland)
25%
Uzbekistan
25%
Algeria
21%
Cameroon
21%
Central African Republic
21%
Gabon
21%
Gambia
21%
Georgia
21%
Guyana
21%
Hungary
21%
Libya
21%
Mali
21%
Mauritania
21%
Senegal
21%
Spain (Tenerife)
21%
Tunisia
21%
Venezuela
21%
Cameroon
18%
Chad
18%
Chad
18%
No matching quizzes found
Score Distribution
Percent of People with Each Score
Percentile by Number Answered
Your Score History
You have not taken this quiz